|
|
|
|
| LEADER |
01031nam a2200277 a 4500 |
| 001 |
ocm45728721 |
| 008 |
110125s1999 nyua 001 0 eng d |
| 010 |
|
|
|z 98027629
|
| 020 |
|
|
|a 0070580413
|
| 020 |
|
|
|a 0585267278
|
| 040 |
|
|
|a N$T
|c N$T
|d OCL
|d BD-DhAAL
|
| 082 |
0 |
0 |
|a 658.15/11
|2 20
|
| 100 |
1 |
|
|a Shim, Jae K.
|
| 245 |
1 |
0 |
|a Schaum's outline of theory and problems of managerial accounting /
|c Jae K. Shim, Joel G. Siegel.
|
| 250 |
|
|
|a 2nd ed.
|
| 260 |
|
|
|a New York :
|b McGraw-Hill,
|c 1999.
|
| 300 |
|
|
|a viii, 360 p. :
|b ill. ;
|c 28 cm.
|
| 490 |
0 |
|
|a Schaum's outline series
|
| 500 |
|
|
|a Includes index.
|
| 541 |
1 |
|
|e 00021802
|
| 650 |
|
0 |
|a Managerial accounting
|v Problems, exercises, etc.
|
| 650 |
|
0 |
|a Managerial accounting.
|
| 700 |
1 |
|
|a Siegel, Joel G.
|
| 852 |
|
|
|a Ayesha Abed Library
|c General Shelf.
|
| 999 |
|
|
|c 10387
|d 10387
|
| 952 |
|
|
|0 0
|1 0
|2 ddc
|4 0
|6 658_151100000000000_SHI
|7 0
|9 14202
|a BRACUL
|b BRACUL
|c GEN
|d 2011-01-26
|e TRIM EDUCATION
|g 1560.00
|l 12
|m 56
|o 658.1511 SHI
|p 3010021802
|r 2018-01-21
|s 2018-01-17
|t 1
|w 2011-01-26
|y BK
|